000 00727cam a22002413a 4500
001 13875
003 PGUSA
005 20140828083310.0
008 041029s2004||||xxu|||||s|||||000 | eng d
040 _aPGUSA
_beng
042 _adc
050 4 _aPQ
100 1 _aSand, George,
_d1804-1876
245 1 0 _aCorrespondance, 1812-1876 — Tome 4
_h[electronic resource] /
_cGeorge Sand
260 _bProject Gutenberg,
_c2004
506 _aPublic domain in the USA.
516 _aElectronic text
653 _aSand, George, 1804-1876 -- Correspondence
653 _aNovelists, French -- 19th century -- Correspondence
830 0 _aProject Gutenberg
_v13875
856 4 0 _uhttp://www.gutenberg.org/ebooks/13875
942 _cEB
999 _c243130
_d243130